Cuadernos de polt̕ica criminal

Bibliographic Details
Corporate Author: Universidad Complutense de Madrid. Instituto de Criminologia
Format: Unknown
Language:Spanish
Published: Madrid : Universidad Complutense, Instituto de Criminologa̕
Subjects:
Online Access:Acceso restringido
Acceso restringido. Segunda p̌oca.

MARC

LEADER 00000ny a22000003n 4500
005 20110510132157.0
007 cr|||| ||||
008 940509c19779999sp tr 0 0 b0spa c
022 |a 0210-4059 
035 |a 224 
035 |a 6025 
040 |a UMA.RE  |d UAM.PP  |d UMA.DER  |d vLex 
080 |a 343(051) 
090 |c 1543  |d 1543 
245 0 0 |a Cuadernos de polt̕ica criminal  |h [Recurso electrn̤ico] 
256 |a Servicio en ln̕ea 
260 |a Madrid :  |b Universidad Complutense, Instituto de Criminologa̕ 
310 |a Cuatrimestral 
500 |a En 2009 edita Dykinson 
506 1 |a Contenido solo disponible en los productos indicados  |d vLex Global  |d vLex Global (Academic Edition, excluding Law Schools)  |d vLex Global (U.S. Academic Edition, Law Schools)  |d vLex Global (U.S. Academic Edition, excluding Law Schools)  |d vLex Global (Academic Edition, Law Schools) 
650 0 7 |a Penal  |2 Tesauro vLex 
650 0 7 |a Polt̕ica criminal y criminologa̕  |2 Tesauro vLex 
710 2 |a Universidad Complutense de Madrid.  |b Instituto de Criminologia 
740 0 |a vLex Revista (Servicios en ln̕ea) 
853 |8 1  |i (year)  |j (month)  |k (day) 
856 4 0 |u http://vlex.com/source/224  |z Acceso restringido 
856 4 0 |u http://vlex.com/source/6025  |z Acceso restringido. Segunda p̌oca. 
942 |c REV